000 01370nam a2200313 i 4500
003 EG-GICUC
005 20260216212151.0
008 260114s1952 ua |||fr|||| 00| 0 ara d
040 _a EG-GICUC
_bara
_c EG-GICUC
_d EG-GICUC
_erda
041 0 _aAra
082 0 4 _221
_a343.3
_bح ك . ق
092 0 4 _221
099 _aLaw1 10 343.3 ح ك . ق 1952
110 1 _aالحكومة المصرية
_eمؤلف.
245 1 0 _aقانون الإجراءات الجنائية /
_cتأليف الحكومة المصرية.
264 3 _aالقاهرة :
_bالمطبعة الأميرية،
_c1952.
300 _a184 صفحة؛
_c24 سم.
336 _2rda content
_atext
337 _2rda media
_aComputer
338 _2rda carrier
_aOnline Resource
500 _aالقانون رقم 152لسنة 1950 وما أدخل عليه من تعديل لغاية أول أبريل سنة 1952 وملحق به قانون رقم 132 لسنة 1951 بشأن الإجراءات فى القضايا الخاصة بالجرائم التى تقع بواسطة الصحف.
546 _aالنص باللغة العربية
650 1 _aقانون الإجراءات الجنائية
_2qrmak
650 1 _aالقانون الجنائى
_2qrmak
651 1 _2qrmak
856 4 0 _uhttps://fll.law.cu.edu.eg/fulltext/bks/B10-07723.pdf
905 _a54
_eYara
942 _2ddc
_cBK
_e21
_n0
999 _c57147
_d57147